Districts of the Portuguese Empire in 1961 on a Map - Statistics

General Stats
  • This quiz has been taken 66 times
  • The average score is 23 of 81
Answers on the Map
Answers color-coded by a green-red scale on the quiz's map according to % correct below.
 
Answer Stats
R Answer % Correct
Portugal Lisbon
95%
Angola Luanda
91%
Macau Macau
88%
Madeira Madeira
88%
Guinea Bissau
86%
State of India Goa
86%
Portugal Porto
86%
Timor Díli
79%
São Tomé and Príncipe Príncipe
77%
São Tomé and Príncipe São Tomé
77%
Portugal Faro
60%
Portugal Braga
58%
Angola Cabinda
58%
Portugal Coimbra
56%
Portugal Setúbal
47%
Portugal Évora
44%
Portugal Beja
42%
Portugal Bragança
40%
Portugal Castelo Branco
37%
Portugal Guarda
37%
Portugal Santarém
37%
Portugal Vila Real
37%
Portugal Aveiro
35%
Portugal Portalegre
35%
Portugal Viana do Castelo
35%
Portugal Viseu
35%
Mozambique Gaza
33%
Portugal Leiria
33%
Angola Benguela
26%
State of India Diu
26%
Angola Moxico
26%
Mozambique Tete
26%
Mozambique Zambézia
26%
Mozambique Cabo Delgado
23%
Mozambique Lourenço Marques
23%
Mozambique Inhambane
21%
Angola Lunda
21%
Mozambique Mozambique
21%
Azores Ponta Delgada
21%
Angola Cuando-Cubango
19%
Angola Huambo
19%
Mozambique Niassa
19%
Azores Angra do Heroísmo
16%
Guinea Cacheu
16%
Angola Cunene
16%
Angola Zaire
16%
Timor Baucau
14%
Angola Bié
14%
Guinea Bolama
14%
Guinea Gabu
14%
Azores Horta
14%
Guinea Bafatá
12%
Cape Verde Barlavento
12%
State of India Damão
12%
Angola Huíla
12%
Timor Lautém
12%
Angola Malanje
12%
Timor Oecússi
12%
Cape Verde Sotavento
12%
Angola Uíge
12%
Guinea Bijagós
9%
Timor Aileu
7%
Timor Ainaro
7%
Guinea Bissorã
7%
Timor Bobonaro
7%
Timor Cova Lima
7%
Timor Ermera
7%
Guinea Farim
7%
Macau Ilhas
7%
Timor Liquiçá
7%
Timor Manatuto
7%
Timor Viqueque
7%
Guinea Catió
5%
Guinea Mansoa
5%
Angola Moçâmedes
5%
Guinea São Domingos
5%
Guinea Falacunda
2%
Mozambique Manica e Sofala
2%
Angola North Cuanza
2%
Timor Same
2%
Angola South Cuanza
2%
No matching quizzes found
Score Distribution
Percent of People with Each Score
Percentile by Number Answered
Your Score History
You have not taken this quiz